000 00770nam a2200205Ii 4500
003 JO-AjNU
008 230605s9999||||xx |||||||||||||| ||und||
040 _aJO-AjNU
_bara
_erda
_cJO-AjNU
041 _aara
050 1 4 _aBF713.A9982.2002
100 3 _aالعزة،سعيد حسني,
_eauthor
_926254
245 0 0 _aسيكولوجية النمو في الطفولة
250 _aط1 الاصدار الاول
264 3 1 _aعمان:الدار العلمية الدولية للنشر والتوزيع،دار الثقافة للنشر والتوزيع،2002
300 _a283ص
336 _atext
_btxt
_2rdacontent
337 _aunmediated
_bn
_2rdamedia
338 _avolume
_bnc
_2rdacarrier
650 4 _aسيكولوجية الطفولة-نمو الطفل
_926255
999 _aA9925
_c13493
_d13493